| 000 | 03582nam a2200541Ii 4500 | ||
|---|---|---|---|
| 001 | DIGPUVAL0633 | ||
| 003 | NyNyDIG | ||
| 006 | m o d | ||
| 007 | cr ||||||||||| | ||
| 008 | 161201s2015 sp a ob 100 0 spa d | ||
| 020 |
_a9788437098456 _q(eBook ; _qePub) |
||
| 020 |
_a8437098459 _q(eBook ; _qePub) |
||
| 020 | _z9788437097077 | ||
| 020 | _z843709707X | ||
| 035 | _a(OCoLC)1079409506 | ||
| 040 |
_aDGITA _beng _erda _epn _cDGITA |
||
| 041 | 0 |
_aeng _aita _aspa |
|
| 050 | 1 | 4 | _aN72.H64 eBook |
| 082 | 0 | 4 | _a701.03 |
| 111 | 2 |
_aCongreso Internacional EDADIS Educación Artística y Diversidad Sexual _d(2014 : _cValencia, Spain) |
|
| 245 | 0 | 0 |
_aEducación artística y diversidad sexual / _ceditores, Ricard Huerta, Amparo Alonso-Sanz. |
| 264 | 1 |
_aValencia : _bPublicacions de la Universitat de València, _c2015. |
|
| 300 |
_a1 online resource : _billustrations. |
||
| 336 |
_atext _btxt _2rdacontent |
||
| 337 |
_acomputer _bc _2rdamedia |
||
| 338 |
_aonline resource _bcr _2rdacarrier |
||
| 490 | 1 |
_aOberta ; _v220. Art |
|
| 500 | _aSelected papers presented at the conference held in Valencia, Spain, November 2014. | ||
| 504 | _aIncludes bibliographical references. | ||
| 505 | 0 | _aEn defensa de la diversidad ente el reto social de la educación / Ricard Huerta Ramón, Amparo Alonso-Sanz -- Educación artística, derechos humanos y diversidad sexual / Ricard Huerta Ramón -- De cuerpos , carnes y pedagogías: travesías corporales en la educación actual / Jordi Planella Ribera -- La imágenes de la diversidad sexual en la edad media / Germán Navarro Espinach -- La educación en la diversidad de género y sexual desde los museos: un caso práctico / Liliane Inés Cuesta Davignon -- Proyecto red educativa: la bola de nieve de la visibilidad / Jesús Generelo -- Arte y cultura en una revista gay / Julio Lossio Quichiz -- Nueve años de diversidad afectivo-sexual e identidad de género en el aula de plástica / Víctor Parral Sánchez -- La sexualidad de los personajes de series televisivas infantiles: interpretaciones de futuros maestros / Amparo Alonso-Sanz, Paloma Rueda Gascó -- ¿Deseducando?: experiencias de desobediencia sexual en el estado español / Juan Vicente Aliaga -- El profesor no receta bibliografía / Pepe Miralles -- El corpo e l'arte di esprimere sé e di in-tendere l'altro / Gilberto Scaramuzzo -- Queering the fine Arts Academy, through research, teachin and art curating / Pawel Leszkowicz -- El aula invertida: una exposición en la Fundación La Posta / Román de la Calle, Guillem Cervera, María Tinoco. | |
| 546 | _aTexts in Italian, Spanish or English. | ||
| 588 | 0 | _aOnline resource; title from ePUB title page (Digitalia, viewed December 1, 2016) | |
| 650 | 0 |
_aHomosexuality and art _vCongresses. |
|
| 650 | 0 |
_aSexual minorities in art _vCongresses. |
|
| 650 | 0 |
_aArt _xStudy and teaching _vCongresses. |
|
| 650 | 0 |
_aSexual minorities _vCongresses. |
|
| 655 | 0 | _aElectronic books. | |
| 700 | 1 |
_aHuerta, Ricard, _eeditor. |
|
| 700 | 1 |
_aAlonso-Sanz, Amparo, _eeditor. |
|
| 776 | 0 | 8 |
_iPrint version: _tEducación artística y diversidad sexual. _dValencia : Publicacions de la Universitat de València, 2015. _z9788437097077 _w(OCoLC)920376045 |
| 791 | 2 |
_aDigitalia (Firm), _edistributor. |
|
| 793 | 0 |
_gDigitalia eBook Collection: _aUniversitat de València. |
|
| 830 | 0 |
_aCol·lecció Oberta ; _v220. |
|
| 830 | 0 |
_aCol·lecció Oberta. _pSèrie Art. |
|
| 856 | 4 | 0 |
_3Digitalia Hispánica _uhttps://www.digitaliapublishing.com/a/44400/ |
| 910 | _aPremium Collection: 2017 | ||
| 942 | _cRAA | ||
| 999 |
_c248652 _d248652 |
||